000
00330nam a22001337a 4500
008
180220b xxu||||| |||| 00| 0 eng d
020
_a
9780876288450
041
_a
eng
080
_a
53
100
_a
43
101
_a
FIZ
245
_a
HANDS -OM PHYSICS ACTIVITIES WITH REAL - LIFE APPLICATIONS
_c
JAMES.C
942
_2
udc
_c
BK
999
_c
42969
_d
42969